000 00581nam a2200181 i 4500
001 126169
003 ES-MaACL
005 20250826070628.0
007 t|
008 070214s1967 xxk r ||||1| eng d
245 0 0 _aRelaciones laborales y condiciones de trabajo en Gran Bretaña.
260 _aLondres :
_bCentral Office of Information,
_c1967.
300 _a43 p. ;
_c24 cm.
650 7 _aTrabajo-
_zGran Bretaña
_2
_9161261
710 2 _aGran Bretaña.
_bCentral Office of Information.
_94478
852 _aES-MaACL
_j2062-F-22
_bR.64492
999 _c126169
_d126169